Adivina el logotipo - Estadísticas

Estadísticas generales
  • Esta prueba ha sido intentada 70 veces
  • La puntuación promedio es 21 de 48
Estadísticas de respuestas
Imagen Respuesta % Correcto
Disney
91%
Chevrolet
88%
Repsol
82%
Kahoot!
79%
Subway
79%
Iberia
77%
Día
75%
Iberdrola
75%
Discord
72%
Grefusa
70%
Outlook
70%
Rockstar
70%
Carolina Herrera
68%
Subaru
67%
The Rolling Stones
63%
Aquarius
61%
Under Armour
61%
Yves Saint Laurent
61%
Cupra
60%
Onlyfans
56%
Zalando
53%
Pedro del Hierro
47%
Adobe
44%
Swarovski
44%
Canvas
39%
Osborne
39%
Rojadirecta
37%
Minnesota Timberwolves
35%
New York Yankees
35%
Skechers
35%
Lowi
33%
Caritas
32%
Pink Floyd
32%
Loewe
28%
Linux
21%
Hermes
19%
Swansea City
16%
Adif
14%
Marco Aldani
12%
Scania
12%
Crypto.com
11%
Farfetch
11%
Naturgy
9%
Piaggio
9%
Herbalife
7%
Zumba
5%
Helvetia
4%
Prezi
2%
No se encontraron pruebas coincidentes
Distribución de puntuación
Porcentaje de gente con cada puntuación
Porcentaje por número respondido
Historial de tus puntuaciones
No has intentado esta prueba.